| 000 | 00603nam a2200205Ia 4500 | ||
|---|---|---|---|
| 008 | 191130s2001##################000#0#eng## | ||
| 020 | _a9780192804426 | ||
| 022 | _a2003270965 | ||
| 040 |
_aACL _cACL |
||
| 082 | _a170 BLA | ||
| 100 | _aBlackburn, Simon | ||
| 245 |
_aEthics : a very short introduction _cSimon Blackburn |
||
| 260 |
_aOxford _bOxford University Press _cc2001 |
||
| 300 | _a139 p. : ill. ; 18 cm | ||
| 500 | _aIncludes bibliographical references (p. 133-136) and index | ||
| 650 | _aEthics | ||
| 990 | _a2b25980dac10000c668a33df671566f8 | ||
| 991 | _a282289 | ||
| 999 |
_c261232 _d261232 |
||